|
|
|
|
| LEADER |
00000nam0a2200000 4500 |
| 001 |
281486 |
| 005 |
20231101235415.0 |
| 020 |
|
|
|a RU
|b 85-76580
|
| 035 |
|
|
|a (RuTPU)RU\TPU\book\305244
|
| 090 |
|
|
|a 281486
|
| 100 |
|
|
|a 20150122d1985 k y0rusy5003 ca
|
| 101 |
0 |
|
|a rus
|
| 102 |
|
|
|a RU
|
| 105 |
|
|
|a a z 001zy
|
| 200 |
1 |
|
|a Геосинклинальное терригенное осадконакопление на Востоке Азии в фанерозое. На примере Сихотэ-Алиня и Камчатки
|f П. В. Маркевич
|g Академия наук СССР (АН СССР), Дальневосточный научный центр (ДНЦ), Дальневосточный геологический институт (ДВГИ) ; отв. ред. И. И. Берсенев
|
| 210 |
|
|
|a Москва
|c Наука
|d 1985
|
| 215 |
|
|
|a 118 с.
|c ил.
|
| 320 |
|
|
|a Библиогр.: с. 112-117
|
| 606 |
1 |
|
|a Осадконакопление
|2 stltpush
|3 (RuTPU)RU\TPU\subj\47518
|9 66445
|
| 610 |
1 |
|
|a фанерозой
|
| 610 |
1 |
|
|a Восточная Азия
|
| 610 |
1 |
|
|a геологическое развитие
|
| 610 |
1 |
|
|a осадочно-вулканогенные отложения
|
| 610 |
1 |
|
|a терригенные отложения
|
| 610 |
1 |
|
|a Сихотэ-Алинь
|
| 610 |
1 |
|
|a Камчатка
|
| 675 |
|
|
|a 551.3.051
|z rus
|v 3
|
| 700 |
|
1 |
|a Маркевич
|b П. В.
|g Павел Владимирович
|
| 702 |
|
1 |
|a Берсенев
|b И. И.
|4 340
|
| 712 |
0 |
2 |
|a Академия наук СССР (АН СССР)
|b Дальневосточный научный центр (ДНЦ)
|b Дальневосточный геологический институт (ДВГИ)
|c (Владивосток)
|2 stltpush
|3 (RuTPU)RU\TPU\col\11563
|
| 801 |
|
0 |
|a RU
|b RuMRKP
|c 19950704
|g psbo
|
| 801 |
|
1 |
|a RU
|b 63413507
|c 20150122
|
| 801 |
|
2 |
|a RU
|b 63413507
|c 20170607
|g RCR
|
| 942 |
|
|
|c BK
|